The economics of underdevelopment (Record no. 75728)

MARC details
000 -LEADER
fixed length control field 00830nam a2200193 a 4500
008 - FIXED-LENGTH DATA ELEMENTS--GENERAL INFORMATION
fixed length control field 120416s1958 ||||||||||||||||| || u
050 ## - LIBRARY OF CONGRESS CALL NUMBER
Classification number HD 82 Eco
100 ## - MAIN ENTRY--PERSONAL NAME
Personal name Singh, S. P
245 14 - TITLE STATEMENT
Title The economics of underdevelopment
Statement of responsibility, etc. selected and edited by A.N. Agarwala and S.P. Singh
246 ## -
-- a series of articles and papers
260 ## - PUBLICATION, DISTRIBUTION, ETC.
Place of publication, distribution, etc. Bombay
Name of publisher, distributor, etc. Oxford University Press
Date of publication, distribution, etc. 1958
300 ## - PHYSICAL DESCRIPTION
Extent 510p. : ill.
350 ## -
-- 0.00
650 ## - SUBJECT ADDED ENTRY--TOPICAL TERM
Topical term or geographic name entry element ECONOMIC THEORY--DEVELOPING COUNTRIES
650 #0 - SUBJECT ADDED ENTRY--TOPICAL TERM
Topical term or geographic name entry element ECONOMICS
700 ## - ADDED ENTRY--PERSONAL NAME
Personal name Agarwala, A. N
995 ## -
-- BINDERY (DAMAGED)
-- 0.00
-- 700032
-- CBU-MAIN LIBRARY (Kitwe)
-- 1
-- 0.00
-- HD 82 Eco
-- 1
-- DAMAGED
-- 003951
-- Main Library Open Access Collection
995 ## -
-- BINDERY (DAMAGED)
-- 0.00
-- 700269
-- CBU-MAIN LIBRARY (Kitwe)
-- 2
-- 0.00
-- HD 82 Eco
-- 2
-- DAMAGED
-- 003950
-- Main Library Open Access Collection
999 ## -
-- 75728
-- 75728
Holdings
Withdrawn status Lost status Source of classification or shelving scheme Damaged status Not for loan Permanent Location Current Location Shelving location Date acquired Total Checkouts Full call number Barcode Date last seen Copy number Price effective from Koha item type
          CBU-MAIN LIBRARY, KITWE. CBU-MAIN LIBRARY, KITWE.   04/24/2023   HD 82 Eco 003951 04/24/2023 1 04/24/2023 MONOGRAPH
          CBU-MAIN LIBRARY, KITWE. CBU-MAIN LIBRARY, KITWE.   04/24/2023   HD 82 Eco 003950 04/24/2023 2 04/24/2023 MONOGRAPH